| Tag |
First Indicator |
Second Indicator |
Subfields |
| LEADER |
00000cam a22000008a 4500 |
| 001 |
in00000018247 |
| 005 |
20151007053206.0 |
| 008 |
880210s1988 nyu 00000 eng |
| 010 |
|
|
|a 88003394
|
| 020 |
|
|
|a 0814423337 (pbk.) :
|c $10.00 ($7.50 to members)
|
| 035 |
|
|
|a (OCoLC)17547297
|
| 035 |
|
|
|9 AAB0734AM
|
| 040 |
|
|
|a DLC
|c DLC
|d TXA
|d UtOrBLW
|
| 049 |
|
|
|a TXAM
|c [A11083335]
|
| 050 |
0 |
0 |
|a RC607.A26
|b A365 1988
|
| 082 |
0 |
|
|a 658.3/045
|2 19
|
| 245 |
0 |
0 |
|a AIDS, the new workplace issues.
|
| 263 |
|
|
|a 8802
|
| 264 |
|
1 |
|a New York :
|b AMA Membership Publications Division, American Management Association,
|c [1988]
|
| 264 |
|
4 |
|c ©1988
|
| 300 |
|
|
|a 160 pages
|
| 336 |
|
|
|a text
|b txt
|2 rdacontent
|
| 337 |
|
|
|a unmediated
|b n
|2 rdamedia
|
| 338 |
|
|
|a volume
|b nc
|2 rdacarrier
|
| 490 |
1 |
|
|a AMA management briefing
|
| 500 |
|
|
|a Updated edition of: AIDS, the workplace issues. c1985.
|
| 650 |
|
0 |
|a AIDS (Disease)
|x Social aspects.
|
| 650 |
|
0 |
|a AIDS (Disease)
|x Law and legislation.
|
| 650 |
|
0 |
|a Employee rights.
|
| 650 |
|
0 |
|a Industrial hygiene.
|
| 710 |
2 |
|
|a American Management Association.
|
| 730 |
0 |
|
|a AIDS, the workplace issues.
|
| 830 |
|
0 |
|a AMA management briefing.
|
| 999 |
|
|
|a MARS
|
| 999 |
f |
f |
|s 3122cea4-a1aa-3c16-bae3-0226ae4175f3
|i e65b414a-8d49-3a70-b39a-72052cfc5e2a
|t 0
|
| 952 |
f |
f |
|p ric
|a Texas A&M University
|b Rellis Campus
|c Joint Library Facility
|d Remote Storage
|t 0
|e RC607.A26 A365 1988
|h Library of Congress classification
|i unmediated -- volume
|m A14811083335
|
| 998 |
f |
f |
|a RC607.A26 A365 1988
|t 0
|l Remote Storage
|